000 00683cab a2200241 4500
001 ABS55317
008 090401t1996 xxu||||| |||| 00| 0 eng d
035 _a(Sirsi) u15712
041 _aeng
100 _aMills, L.
245 _aWindow dressing
260 _c1996
350 _a0
490 _aEstates Gazette
_v(9623) 8 June 1996, 50-51(2)
520 _aReports on department stores attempts to win back customers through refurbishment and expansion.
650 _aDEPARTMENT STORES
650 _aHOUSE OF FRASER
650 _aRETAIL PROPERTY
650 _aSELFRIDGES
690 _aPROPERTY-COMMERCIAL PROPERTY-RETAIL PROPERTY
942 _n0
948 _c04/03/1997
999 _c10329
_d10329